ជីវៈចម្រុះនៅតំបន់ឆ្នេរសមុទ្រកម្ពុជា / (Record no. 1319)
[ view plain ]
| 000 -LEADER | |
|---|---|
| fixed length control field | 02081nam a22003497a 4500 |
| 005 - DATE AND TIME OF LATEST TRANSACTION | |
| control field | 20230816092511.0 |
| 020 ## - INTERNATIONAL STANDARD BOOK NUMBER | |
| International Standard Book Number | 9789924341383 |
| 040 ## - CATALOGING SOURCE | |
| Original cataloging agency | FISKH |
| Language of cataloging | eng |
| Transcribing agency | FISKH |
| Modifying agency | FISKH |
| 082 ## - DEWEY DECIMAL CLASSIFICATION NUMBER | |
| Classification number | 591.92 |
| 100 ## - MAIN ENTRY--PERSONAL NAME | |
| Personal name | Recamier, Francoise |
| 245 ## - TITLE STATEMENT | |
| Title | ជីវៈចម្រុះនៅតំបន់ឆ្នេរសមុទ្រកម្ពុជា / |
| Statement of responsibility, etc. | និពន្ធដោយ Francoise Recamier, Nathalie Tordjman, និង ឡាច រតនា |
| 260 ## - PUBLICATION, DISTRIBUTION, ETC. | |
| Place of publication, distribution, etc. | Phnom Penh : |
| Name of publisher, distributor, etc. | Sipar, |
| Date of publication, distribution, etc. | 2022. |
| 300 ## - PHYSICAL DESCRIPTION | |
| Extent | 35 pages : |
| Other physical details | maps ; color illustrations ; |
| Dimensions | 26 cm |
| 490 ## - SERIES STATEMENT | |
| Series statement | ស្វែងយល់ពី |
| 505 ## - FORMATTED CONTENTS NOTE | |
| Formatted contents note | Z <br/> |
| 520 ## - SUMMARY, ETC. | |
| Summary, etc. | តំបន់ឆ្នេរសមុទ្រកម្ពុជាផ្ដល់ធនធានដ៏សម្បូរបែប គឺព្រៃកោងកាង ស្មៅសមុទ្រ និងផ្ដាថ្មហើយសត្វ និងរុក្ខជាតិជាច្រើនប្រភេទរស់នៅជាមួយគ្នាក្នុងតំបន់នេះ។ |
| 520 ## - SUMMARY, ETC. | |
| Summary, etc. | Cambodia's coastal areas provide rich resources: mangroves, seagrass and rocks, and many species of animals and plants live together in this area. |
| 521 ## - TARGET AUDIENCE NOTE | |
| Target audience note | 890 <br/> |
| Source | Lexile estimate <br/> |
| 521 ## - TARGET AUDIENCE NOTE | |
| Target audience note | Z<br/> |
| Source | Raz-Plus <br/> |
| 650 ## - SUBJECT ADDED ENTRY--TOPICAL TERM | |
| Topical term or geographic name entry element | Coastal |
| Form subdivision | Mangroves |
| General subdivision | Species |
| Chronological subdivision | Seagrass |
| 650 ## - SUBJECT ADDED ENTRY--TOPICAL TERM | |
| Topical term or geographic name entry element | ឆ្នេរសមុទ្ |
| Form subdivision | ព្រៃកោងកាង |
| General subdivision | ស្មៅសមុទ្រ |
| Chronological subdivision | រុក្ខជាតិ |
| 700 ## - ADDED ENTRY--PERSONAL NAME | |
| Personal name | Tordjman, Nathalie |
| Titles and other words associated with a name | Author |
| 700 ## - ADDED ENTRY--PERSONAL NAME | |
| Personal name | Rathna, Larg |
| Titles and other words associated with a name | Author |
| 700 ## - ADDED ENTRY--PERSONAL NAME | |
| Personal name | Visal, Seng |
| Numeration | Cover and picture page 14, 17, 22, 23, 28, 29 |
| Titles and other words associated with a name | illustrator |
| 700 ## - ADDED ENTRY--PERSONAL NAME | |
| Personal name | Visoth, Seng |
| Numeration | Picture page 8, 9, 11, 18, 19, 20, 21, 24, 25, 31, 32, 33, 35 |
| Titles and other words associated with a name | illustrator |
| 700 ## - ADDED ENTRY--PERSONAL NAME | |
| Personal name | Sokpheng, Meng |
| Numeration | Picture page 27, 32 |
| Titles and other words associated with a name | illustrator |
| 700 ## - ADDED ENTRY--PERSONAL NAME | |
| Personal name | Rotha, Ouk |
| Numeration | Picture page park ranger |
| Titles and other words associated with a name | illustrator |
| 700 ## - ADDED ENTRY--PERSONAL NAME | |
| Personal name | Hoksrin, Chrim |
| Numeration | Cambodian maps 6, 7, 30, 31 |
| Titles and other words associated with a name | illustrator |
| 942 ## - ADDED ENTRY ELEMENTS (KOHA) | |
| Source of classification or shelving scheme | Dewey Decimal Classification |
| Koha item type | Books |
| Suppress in OPAC | No |
| 999 ## - | |
| -- | 1319 |
| -- | 1319 |
| Withdrawn status | Lost status | Source of classification or shelving scheme | Damaged status | Not for loan | Collection | Home library | Current library | Shelving location | Date acquired | Total Checkouts | Full call number | Barcode | Date last seen | Copy number | Price effective from | Koha item type | Date last checked out |
|---|---|---|---|---|---|---|---|---|---|---|---|---|---|---|---|---|---|
| Dewey Decimal Classification | Khmer Language Books / សៀវភៅភាសាខ្មែរ | Footprints International School Library Network Toul Kork Campus | Footprints International School Library Network Toul Kork Campus | TK Campus, Room B402, Khmer Book Case 16, Shelves 112-123 / ទូរសៀវភៅខ្មែរលេខ ១៦ ធ្នើរ ១១២ ដល់ ១២៣ បន្ទប់ B402 សាខាទួលគោក | 08/15/2023 | REC 591.92 | 2023-0267 | 08/15/2023 | 1 | 08/15/2023 | Books | ||||||
| Dewey Decimal Classification | Khmer Language Books / សៀវភៅភាសាខ្មែរ | Footprints International School Library Network Toul Kork Campus | Footprints International School Library Network Toul Kork Campus | TK Campus, Room B402, Khmer Book Case 16, Shelves 112-123 / ទូរសៀវភៅខ្មែរលេខ ១៦ ធ្នើរ ១១២ ដល់ ១២៣ បន្ទប់ B402 សាខាទួលគោក | 08/15/2023 | 1 | REC 591.92 | 2023-0268 | 08/23/2024 | 2 | 08/15/2023 | Books | 08/23/2024 |
